01495nam a2200277Ia 4500001001200000003000800012006001900020007001500039008004100054020001500095040002100110035002000131050002500151245036800176260005800544300001100602504005100613533015200664650007800816650006800894650005800962651002501020655002901045710001701074856012601091ebr10046832CaPaEBRm u cr cn|||||||||040211s2003 dcu gsb 001 0 eng d z0309087376 aCaPaEBRcCaPaEBR a(OCoLC)5566382814aTD195.P4bC86 2003eb00aCumulative environmental effects of oil and gas activities on Alaska's North Slopeh[electronic resource] /cCommittee on Cumulative Environmental Effects of Oil and Gas Activities on Alaska's North Slope, Board on Environmental Studies and Toxicology, Polar Research Board, Division on Earth and Life Studies, National Research Council of the National Academies. aWashington, D.C. :bNational Academies Press,cc2003. a304 p. aIncludes bibliographical references and index. aElectronic reproduction.bPalo Alto, Calif. :cebrary,d2005.nAvailable via World Wide Web.nAccess may be limited to ebrary affiliated libraries. 0aPetroleum industry and tradexEnvironmental aspectszAlaskazNorth Slope. 0aOil and gas leasesxEnvironmental aspectszAlaskazNorth Slope. 0aEnvironmental impact statementszAlaskazNorth Slope. 0aNorth Slope (Alaska) 7aElectronic books.2local2 aebrary, Inc.40uhttp://site.ebrary.com/lib/rucke/Doc?id=10046832zAn electronic book accessible through the World Wide Web; click to view